| 000 | 00555nam a22002057a 4500 | ||
|---|---|---|---|
| 005 | 20210423062510.0 | ||
| 008 | 210219b1998 ||||| |||| 00| 0 eng d | ||
| 020 | _a053600823 | ||
| 040 | _cDLC | ||
| 041 | _aeng | ||
| 080 |
_a336 _bK-17 |
||
| 100 |
_9994 _aKale.Jayant R |
||
| 245 | _aLectures in corporate finance | ||
| 260 |
_aUnaited states of amerika _bSimon & schuster custom publishing _c1998 |
||
| 300 | _a378 p.: | ||
| 650 | 0 |
_9454 _aFinances |
|
| 653 | _aფინანსები | ||
| 700 |
_9997 _a Fendler.Richard J |
||
| 942 |
_2udc _cBK |
||
| 999 |
_c1566 _d1566 |
||